Chargement en cours...
ഓ ! നിഷാദാ
| Auteur principal: | |
|---|---|
| Autres auteurs: | |
| Format: | Printed Book |
| Publié: |
Kottayam:
DC,
2011
|
| Sujets: |
| LEADER | 00498nam a22001577a 4500 | ||
|---|---|---|---|
| 020 | |a 9788126433162 | ||
| 082 | |a M 894.812 1 |b TON/O | ||
| 100 | |a ടോണി, കെ. ആർ. | ||
| 245 | |a ഓ ! നിഷാദാ | ||
| 260 | |a Kottayam: |b DC, |c 2011 | ||
| 300 | |a 96p. | ||
| 650 | |a O ! Nishada | ||
| 700 | |a Tony, K. R. | ||
| 942 | |c BK | ||
| 999 | |c 37478 |d 37478 | ||
| 952 | |0 0 |1 0 |4 0 |6 M_894_812000000000000_1_TONO |7 0 |9 39683 |a KUCL |b KUCL |d 2016-01-14 |l 2 |o M 894.812 1 TON/O |p 31951 |r 2018-03-22 |s 2018-03-06 |w 2016-01-14 |y BK | ||